| 000 | 01670nam a2200241Ia 4500 | ||
|---|---|---|---|
| 999 |
_c53878 _d53878 |
||
| 001 | 20929 | ||
| 003 | GE_BSU | ||
| 005 | 20210624162525.0 | ||
| 008 | 181216s2017||||ge |||||||||||||| ||geo|| | ||
| 020 | _a9992898356 | ||
| 040 | _cGE_BSU | ||
| 041 | _ageo | ||
| 080 | _a342.9(479.22)(094.4) ს–32 | ||
| 245 | _aსაქართველოს ზოგადი ადმინისტრაციული კოდექსი (მიღებულია 1999 წლის 25 ივნისს) ; საქართველოს ადმინისტრაციული საპროცესო კოდექსი (მიღებულია 1999 წლის 23 ივლისს) : ცვლილებებითა და დამატებებით 2017 წლის 15 მაისამდე. | ||
| 264 |
_aთბილისი : _bბონა კაუზა, _c2017. |
||
| 300 |
_a182 გვ. ; _c20 სმ. |
||
| 490 | _aიურისტის ბიბლიოთეკა | ||
| 541 | _h6ლ.50თ. | ||
| 653 | _aსამართალი | ||
| 653 | _aსაქართველოს ზოგადი ადმინისტრაციული კოდექსი (მიღებულია 1999 წლის 25 ივნისს) | ||
| 653 | _aსაქართველოს ადმინისტრაციული საპროცესო კოდექსი (მიღებულია 1999 წლის 23 ივლისს) : ცვლილებებითა და დამატებებით 2017 წლის 15 მაისამდე. | ||
| 942 |
_cBK _2udc |
||